Witamy w Bibliotece Naukowej Instytutu Łączności!

Badania nad zastosowaniem nowych metod i urządzeń w doraźnych nagłośnieniach przestrzeni otwartej i zamkniętej : (Rekord nr 15664)

000 -LEADER
fixed length control field 00456 a2200085 4500
100 1# - MAIN ENTRY--PERSONAL NAME
Personal name Fengker, Maciej.
Relator term Autor
245 0# - TITLE STATEMENT
Title Badania nad zastosowaniem nowych metod i urządzeń w doraźnych nagłośnieniach przestrzeni otwartej i zamkniętej :
Remainder of title Sposoby zastosowania magnetofonu opóźnieniowego przy realizacji doraźnych nagłośnień /
Statement of responsibility, etc Fengker Maciej.
Number of part/section of a work etap 1
260 ## - PUBLICATION, DISTRIBUTION, ETC. (IMPRINT)
Place of publication, distribution, etc Gdańsk :
Name of publisher, distributor, etc IŁ,
Date of publication, distribution, etc 1973.
300 ## - PHYSICAL DESCRIPTION
Extent III,74 s.;
Dimensions 34 cm.
710 2# - ADDED ENTRY--CORPORATE NAME
Corporate name or jurisdiction name as entry element Instytut Łączności..
Relator term Wydawca
Relator code pbl
Egzemplarze
Withdrawn status Lost status Damaged status Not for loan Permanent Location Current Location Shelving location Date acquired Cost, normal purchase price Full call number Date last seen Price effective from Koha item type
        Instytut Łączności Instytut Łączności Magazyn 1973-09-23 0.00 S-05461/1 2017-11-30 2017-11-30 Książki
        Instytut Łączności Instytut Łączności Magazyn 1973-09-23 0.00 S-05462/1 2017-11-30 2017-11-30 Książki

Działa dzięki Koha